History Quiz

Random History or Country Quiz

Country by Revolutionary Group Quiz Stats

 Plays Quiz Updated Nov 18, 2013

Challenge
Share
Tweet
Embed
Score 0/32 Timer 12:00
1 Play Today
Group Country % Correct
Viet Cong, NLFVietnam
86.9%
MinutemenUSA (vs. Great Britain)
73.6%
Provisional IRAUnited Kingdom (Northern Ireland)
68.5%
Red Army, People's Liberation ArmyChina
66.7%
Liberation Tigers of Tamil EelamSri Lanka
53.5%
Kurdistan Workers' Party (PKK)Turkey (Kurdistan)
48.4%
Sandinistas (FSLN)Nicaragua
41.2%
Zapatista Army of National LiberationMexico
40.8%
EOKA (Ethniki Organosis Kyprion Agoniston)Cyprus (vs. UK)
39.4%
Confederation of Mountain Peoples of the CaucasusGeorgia (Abkhazia)
35.8%
FARCColombia
35.4%
Euskadi Ta Askatasuna (ETA)Spain & France (Basques)
31.2%
Katipunan, Sovereign Tagalog NationPhilippines (vs. Spain)
30.5%
Igbo peoples (Biafra)Nigeria
25.5%
Mau MauKenya (British East Africa)
24.6%
Umkhonto we Sizwe (Spear of the Nation)South Africa
24%
Group Country % Correct
Shining PathPeru
22.2%
Lord's Resistance ArmyUganda
18.2%
Balochistan Liberation Army (BLA)Pakistan (Balochistan)
17.8%
Bharat Chhodo Andolan (August Movement)India
17.7%
Partisans (People's Liberation Army, NOV i POJ)Yugoslavia (vs. Axis Powers)
15.5%
ZANLA, ZIPRAZimbabwe (vs. Rhodesia)
14.7%
26th of July MovementCuba
10.8%
Farabundo Martí National Liberation Front (FMLN)El Salvador
8.2%
MPLAAngola
7.6%
Polisario FrontMorocco (Western Sahara)
7.1%
Revolutionary Front for an Independent [country] (FRETILIN)Timor-Leste (vs. Indonesia)
7.1%
ELM, ELF, ELPFEthiopia
7.1%
Mukti Bahini (Freedom Fighters)Bangladesh (vs. Pakistan)
7%
Islamic International Peacekeeping BrigadeRussia (Chechnya)
5.3%
SLM/A, JEMSudan
5.1%
New JEWEL MovementGrenada
3.3%

You're not logged in!

Compare scores with friends on all Sporcle quizzes.
Join for Free
OR
Log In

You Might Also Like...

Show Comments

Extras

Top Quizzes Today


Score Distribution

Your Account Isn't Verified!

In order to create a playlist on Sporcle, you need to verify the email address you used during registration. Go to your Sporcle Settings to finish the process.

Report this User

Report this user for behavior that violates our Community Guidelines.

Details: